|
|
|
|
| LEADER |
00000nam0a2200000 4500 |
| 001 |
359743 |
| 005 |
20231101042808.0 |
| 035 |
|
|
|a (RuTPU)RU\TPU\retro\17026
|
| 090 |
|
|
|a 359743
|
| 100 |
|
|
|a 20201211d1977 m y0rusy50 ca
|
| 101 |
1 |
|
|a rus
|c dut
|
| 102 |
|
|
|a RU
|
| 105 |
|
|
|a y z 000gy
|
| 200 |
1 |
|
|a Из современной нидерландской поэзии
|e пер. с нидерл.
|f сост. Е. В. Витковский
|
| 210 |
|
|
|a Москва
|c Прогресс
|d 1977
|
| 215 |
|
|
|a 346 с.
|
| 330 |
|
|
|a Книга знакомит читателя с произведениями наиболее значительных нидерландских поэтов последних десятилетий. Разнообразные как по содержанию, так и по форме стихи, включенные в сборник, дают представление о национальном своеобразии нидерландской поэзии.
|
| 464 |
|
|
|a Люсеберт, 0
|
| 610 |
1 |
|
|a художественная литература
|
| 610 |
1 |
|
|a нидерландская литература
|
| 610 |
1 |
|
|a поэзия
|
| 675 |
|
|
|a 89
|v 4
|
| 702 |
|
1 |
|a Витковский
|b Е. В.
|4 220
|
| 801 |
|
1 |
|a RU
|b 63413507
|c 20201211
|
| 801 |
|
2 |
|a RU
|b 63413507
|c 20201211
|g RCR
|
| 942 |
|
|
|c BK
|